| 000 | 00685nam a2200193 a 4500 | ||
|---|---|---|---|
| 003 | 0 | ||
| 005 | 20250226074516.0 | ||
| 008 | 101013s19uu xx 00 eng d | ||
| 050 |
_aPHS LB 1134 _b.M35 2010 |
||
| 100 | _aMarquez, Justin B. | ||
| 245 |
_aPositive expectation and student achievement / _cJustin B. Marquez. |
||
| 260 |
_aLas PiƱas City, Philippines : _bSouthville International School and Colleges, _c2010. |
||
| 300 |
_a30 pages : _billustrations ; _c30 cm. |
||
| 504 | _aIncludes bibliographical references. | ||
| 650 | _aExpectation (Psychology) and academic achievement. | ||
| 650 | _aMotivation in education. | ||
| 650 | _aStudent performance. | ||
| 942 |
_2lcc _cPASS |
||
| 999 |
_c98460 _d98460 |
||